000 00641nam a22002057a 4500
999 _c10343
_d10343
003 AR-CdUCM
008 190401b ||||| |||| 00| 0 spa d
040 _aMUNICIPALIDAD PROVINCIAL DEL CUSCO
_cBIBLIOTECA MUNICIPAL DEL CUSCO
082 _aES / 800 /
_bH43
100 _aHernandez, José
_92578
245 _aMartín Fierro /
260 _aMadrid :
_bAguilar ;
_c1962.
300 _a78 páginas ;
_bIlustraciones
_c23cm
440 _aColección El Globo de Colores
_nIniciación Literaria
_927140
505 _aContenido: Novela
650 _aNovela
_95
650 _aLiteratura infantil
_9588
942 _2ddc
_cLIBROS
945 _anom